YOASOBI のYoutube1億回再生の楽曲 ーサドンデス― - Statistics

General Stats
  • This quiz has been taken 62 times
  • The average score is 6 of 10
Answers on the Grid
Answers color-coded by a green-red scale on the quiz's grid according to % correct below.
Biri-Biri
HEAT BEAT
UNDEAD
Watch me!
あの夢をなぞって
たぶん
もう少しだけ
もしも命が描けたら
アイドル
アドベンチャー
アンコール
セブンティーン
ツバメ
ハルカ
ハルジオン
ラブレター
三原色
優しい彗星
勇者
夜に駆ける
夜撫でるメノウ
大正浪漫
好きだ
幽玄東京 / Ayase
怪物
海のまにまに
祝福
群青
舞台に立って
飛天
 
Answer Stats
Answer % Correct
アイドル
86%
群青
84%
夜に駆ける
81%
怪物
81%
ハルジオン
54%
祝福
51%
三原色
49%
勇者
46%
あの夢をなぞって
41%
たぶん
32%
No matching quizzes found
Score Distribution
Percent of People with Each Score
Percentile by Number Answered
Your Score History
You have not taken this quiz